| 000 | 01623nam a2200277 4500 | ||
|---|---|---|---|
| 001 | 113650 | ||
| 003 | DR-UNIBE | ||
| 005 | 20250904141726.0 | ||
| 008 | 250519b2004 dr ||||| |||| 00| 0 spa d | ||
| 040 |
_aBIBLIOTECA UNIBE _bspa _cBIBLIOTECA UNIBE |
||
| 041 | _aspa | ||
| 082 |
_222 _aRD 345 M386a |
||
| 100 | 1 |
_aMartínez, Modesto _q(Martínez Mejía, Modesto Antonio), _d1961- _eautor _9195657 |
|
| 245 | 1 | 3 |
_aEl abogado penalista en materia criminal / _cModesto Martínez |
| 260 |
_aSanto Domingo : _b[Editor no identificado], _c2004 |
||
| 300 |
_alxxiii, 809 páginas ; _c23 cm |
||
| 504 | _aIncluye referencias bibliográficas (páginas: 805-809) e índice | ||
| 505 | 0 | _aDedicatoria | Presentación | Prólogo | Agradecimientos | Introducción | Capítulo I. Generalidades | Capítulo II. La policía judicial y el inicio del proceso | Capítulo III. La jurisdicción de instrucción | Capítulo IV. La cámara de calificación | Capítulo V. Juicio en primer grado | Capítulo VI. Recurso de apelación o juicio en segundo grado | Capítulo VII. El recurso de casación | Capítulo VIII. La ejecución de la sentencia | Capítulo IX. Frases, máximas y principios que debe saber todo abogado penalista | Bibliografía | |
| 650 | 7 |
_2lemb _aDerecho penal _zRepública Dominicana _915664 |
|
| 650 | 7 |
_2lemb _aProcedimiento penal _zRepública Dominicana _915663 |
|
| 650 | 7 |
_2lemb _aAbogados |
|
| 700 | 1 |
_aMoreno, Guillermo _epresentación _917588 |
|
| 700 |
_aPina Acevedo Martínez, Ramón, _d1922-2018 _eprologuista _9154667 |
||
| 700 | 1 |
_aJiménez Díaz, Carlos _ecorrector _9195656 |
|
| 942 |
_2ddc _cBK |
||
| 999 |
_c113650 _d113650 |
||